Homestuck Quotes - Statistics

General Stats
  • This quiz has been taken 371 times
    369 since last reset
  • The average score is 26 of 38
Answer Stats
Hint Answer % Correct
John, addiction is a powerful thing. You pro8a8ly wouldn't understand. Vriska
99%
YOU CAN ALL ACT LIKE BRAINDEAD ASSWIPES IN YOUR OWN FESTERING FLAP OF PARADOX SPACE, FINE WITH ME. Karkat
91%
1T 4LR34DY SM3LLS L1K3 L1COR1C3 S1NC3 YOU S41D TH4T, 4ND NOW 1 C4NT UNSM3LL 1T Terezi
89%
vwell, she vwas gone. SOMEONE must havwe frightened her avway. Cronus
84%
HeY CaN I InTeReSt yOu iN KiCkIn tHe wIcKeD ShIt iN ThE HoRn pIlE FoR A FeW ZeEs? Gamzee
80%
There Are Not Many Moments Ive Observed On Your Timeline Which Wouldnt Qualify As Odd Kanaya
79%
D --> What are you e%pecting to accomplish with this Equius
78%
are you 2tiill 2pyiing on that iin2ufferable priick Sollux
78%
vRISKA WANTS ME TO WEAR IT THOUGH, sO i DO, sO SHE'LL BE HAPPY, Tavros
78%
See t)(is is w)(y we s)(ould be comparing notes! 38O Feferi
77%
:33 < ok if you mean a computer game then yes that sounds like fun Nepeta
77%
(=^?^) < I ACTUALLY DON'T KNOW! Meulin
76%
Kanny, leave this po+o+r kid alo+ne. Porrim
76%
she and me are teammates wwevve got to havve a powwwwoww or SOMETHING Eridan
75%
lets annihilate them. yes lets. i am in the m00d t0 ruin s0meb0dy Aradia
74%
私が彼を誘惑したいですか? Damara
73%
i never wanted to see my grandpa in a sexy pair of underpants!!! Jade
73%
Wh9a, Meenah. I didn't see y9u c9me in. Y9u sh9uld have c9me say hell9. Kankri
73%
are you gonna fill me in or keep floating there in the most uninformative way possible Dave
72%
As for me, well, I could go on ALL DAAAAAAAAY a8out that su8ject. 8ut I won't! Aranea
71%
Oh goody. Just the way i like my hijinks! Jake
71%
sounds l1k3 4 r4d pl4n 4nd you know how 1 f33l 4bout th3 r4dpl4nz.... Latula
69%
can you be totes sure on account a some dorky moive crushes Roxy
69%
i did not break the rUles. i was doing yoU a FAVOUR. Calliope
68%
1 W4N7 7H47 Y0UR H4ND 70 N07 83 0N MY 80DY PL3453 Mituna
67%
we have to hurry, remember there is a big meteor heading for you right now? John
64%
you even have the same cod tier jammies on Meenah
62%
8=D < Trying to decode your speech is quite agitating, you know. Horuss
60%
ON THIS DAY THE DARK CARNIVAL REJOICED AND SAID IT WAS MONEY Kurloz
60%
Pelvic thrusts will be my exclamation points. Dirk
57%
I'll limit my establishments of reference to lumber mills and sugar shanties from now on. Rose
56%
YES. THE CAPS LOCK KEY APPEARS TO BE PERMANENTLY DEPRESSED. Caliborn
55%
HAA HAA HEE HEE HOO HOO Lil Cal
51%
I clearly just want to be a good friend and bring all my AMAZING FRIENDLINESS to bear on your problems. Jane
50%
l1ke 1'm not so on to your tr1cks by now... Rufioh
50%
I warned my neophyte protege not to stare into that ball. Doc Scratch
49%
@HATLIKER. THESE MEN ARE LEADING YOU ASTRAY. SITTING ON THE HAT AGAIN WILL ONLY CAUSE IT FURTHER DAMAGE. Dad
44%
It's kind of sad. You don't really know anything about your own species, do you? Hussie
37%
No matching quizzes found
Score Distribution
Percent of People with Each Score
Percentile by Number Answered
Your Score History
You have not taken this quiz since the last reset